Odpočítanie daňovej straty od základu dane za rok 2019

V tvrdom konkurenčnom prostredí môže nastať obdobie, kedy podnikateľ nedosiahne zisk, ale výsledkom jeho činnosti je strata. Ak je strata prechodným javom a v budúcich obdobiach dosiahne podnikateľ zisk, môže minulý podnikateľský neúspech vhodne využiť na zníženie daňového základu a z neho vyplývajú...

Description complète

Enregistré dans:
Détails bibliographiques
Auteur principal: Kolembus, Anton
Format: Chapitre de livre
Langue:slovaque
Sujets:
Tags: Ajouter un tag
Pas de tags, Soyez le premier à ajouter un tag!

MARC

LEADER 00000naa a2200000 4500
001 0259764
005 20221104110836.1
041 0 |a slo 
044 |a SK 
245 1 0 |a Odpočítanie daňovej straty od základu dane za rok 2019  |c Anton Kolembus 
520 |a V tvrdom konkurenčnom prostredí môže nastať obdobie, kedy podnikateľ nedosiahne zisk, ale výsledkom jeho činnosti je strata. Ak je strata prechodným javom a v budúcich obdobiach dosiahne podnikateľ zisk, môže minulý podnikateľský neúspech vhodne využiť na zníženie daňového základu a z neho vyplývajúcej daňovej povinnosti. Ilustračné príklady. 
610 2 0 |a podnikatelia 
610 2 0 |a povinnosť daňová 
610 2 0 |a strata daňová 
610 2 0 |a základ dane 
610 2 0 |a odpočet dane 
100 1 |a Kolembus, Anton